تكنولوجيا الألومنيوم. ج1 / (Record no. 6336)
[ view plain ]
| 000 -الفاتح | |
|---|---|
| حقل البيانات ثابتة الطول | 01000nac a22001931u 4500 |
| 008 - عناصر البيانات ثابتة الطول - معلومات عامة | |
| حقل البيانات ثابتة الطول | 101220s xxu||||| |||| 00| 0 ara d |
| 082 ## - رقم تصنيف ديوى العشرى | |
| رقم التصنيف | 669.722 |
| رقم المادة | غ ف ا |
| 100 1# - المدخل الرئيسى - إسم شخصى | |
| الإسم الشخصى | عبد الغفار ، سعيد |
| 9 (RLIN) | 21594 |
| 245 ## - بيان العنوان | |
| العنوان | تكنولوجيا الألومنيوم. ج1 / |
| بيان المسئوليه,etc | سعيد عبد الغفار ؛ إشراف أنور محمود عبد الواحد |
| 260 ## - PUBLICATION, DISTRIBUTION, ETC. (IMPRINT) | |
| مكان الناشر او الموزع | القاهرة : |
| اسم الناشر او الموزع | مؤسسة الأهرام ، |
| تاريخ النشر أو التوزيع | [د . ت]. |
| 300 ## - الوصف المادى | |
| التعداد | 277 ص : |
| أبعاد الوعاء | 20 سم. |
| تفاصيل ماديه اخرى للوعاء | ايض ؛ |
| 490 #0 - بيان السلسلة | |
| -- | 17331 |
| عنوان السلسلة | الأسس التكنولوجية ؛ |
| -- | 22 |
| 650 ## - المدخل الاضافى بالموضوع-مصطلح موضوعى | |
| مصطلح موضوعي أو اسم جغرافي كعنصر مدخل | الألومنيوم |
| 9 (RLIN) | 21596 |
| 650 ## - المدخل الاضافى بالموضوع-مصطلح موضوعى | |
| مصطلح موضوعي أو اسم جغرافي كعنصر مدخل | أشغال الألومنيوم |
| 9 (RLIN) | 21597 |
| 650 ## - المدخل الاضافى بالموضوع-مصطلح موضوعى | |
| مصطلح موضوعي أو اسم جغرافي كعنصر مدخل | سبائك الألومونيوم |
| 9 (RLIN) | 21980 |
| 700 1# - المدخل الاضافى - اسم شخصى | |
| الإسم الشخصى | عبد الواحد ، أنور محمود |
| 9 (RLIN) | 21593 |
| الدور | إشراف |
| 942 ## - عناصر المدخل الإضافي( كوها) | |
| Koha [default] item type | Book - Borrowing |
| سابقة رقم الطلب | 669.722 غ ف ا |
| مصدر التصنيف او مخطط الترفيف | Dewey Decimal Classification |
| حالة التراجع | حالة الفقد | مصدر التصنيف او خطة الترفيف | حالة تلف | ليس للاعارة | مجموعات كوها | المكان الدائم | المكان الحالي | موقع الترفيف | تاريخ الاكتساب | Source of acquisition | رقم الاستدعاء | الباركود | Date last seen | نوع الوعاء |
|---|---|---|---|---|---|---|---|---|---|---|---|---|---|---|
| Dewey Decimal Classification | Alef-Baa | Central Library | Central Library | First floor | 21/11/2007 | 669.722 غ ف ا | 000007950 | 15/07/2025 | Book - Borrowing |